Quiz des régions françaises #1: Hauts-de-France - Statistiques

Statistiques générales
  • Ce quiz a été pris 389 fois
  • Le résultat moyen est 17 sur 20
Statistiques - réponses
Question Réponse % Correct
Ville la plus peuplée Lille
98%
Départements de la Région Nord
96%
Pays limitrophe Belgique
95%
Départements de la Région Pas-de-Calais
93%
Ville la plus proche du Royaume-Uni Calais
92%
Mer bordée Manche
92%
Région limitrophe Île-de-France
91%
Départements de la Région Somme
90%
Mer bordée Mer du Nord
89%
Région limitrophe Normandie
89%
Départements de la Région Oise
87%
Départements de la Région Aisne
83%
Ancienne région fusionée pour former cette région Picardie
83%
Région limitrophe Grand Est
82%
Ancienne région fusionée pour former cette région Nord-Pas-de-Calais
82%
Ville connue pour ses bêtises Cambrai
78%
L'Enfer du Nord est la course cycliste reliant Paris à cette ville Roubaix
78%
Ville ayant la plus vaste cathédrale de France Amiens
75%
Lieu d'une bataille célèbre de Clovis et de son vase Soissons
66%
Cours d'eau traversant Valenciennes Escaut
30%
Aucun quiz correspondant
Distribution des résultats
% des personnes avec chaque résultat
Percentile par nombre de réponses
Votre historique - résultats
Vous n’avez pas pris ce quiz